1695 1441 1938 1158 1584 1145 1609 1697 1398 1901 1255 1872 1638 1347 1815 1624 1445 1349 1412 1710 1545 1471 1704 1520 1127 1164 1685 1099 1133 1473 1065 1457 1161 1892 1314 1569 1457 1012 1207 1262 1952 1717 1462 1959 1263 1544 1529 1838 1808 1265 1331 1981 1874 1949 1524 1415 1637 1112 1949 1695 1504 1539 1240 1725 1106 1169 1823 1225 1142 1777 1384 1143 1325 1121 1327 1485 1054 1864 1401 1342 1578 1945 1662 1096 1343 1472 1066 1750 1871 1665 1687 1028 1175 1036 1481 1084 1891 1459 1199 BCNSPRNW ULIB Ver.6.0+V

เปลี่ยนเป็นภาษาไทย

Change to English
 แสดงรายละเอียดบรรณานุกรม
  กลับหน้าหลัก

Brief Record : Get Marc (ISO 2709) : E-mail record : QR code < ปิดหน้าต่าง
LEADER : 00000nam 2200000uu 4500
001    13399122110
003     ULIB
008    121226s2550||||th 000 0 tha d
099    ^aวจ.HM132^bจ533ค
100 0  ^aจิรพร จันทรมณี สุภาเพ็ญ ปาณะวัฒนพิสุทธิ์ และนภัสวรรณ บุญประเสริฐ
245 00 ^aความพึงพอใจของบุคลากรต่อระบบการบริหารของวิทยาลัยพยาบาลบรมราชชนนี สวรรค์ประชารักษ์ นครสวรรค์/^cจิรพร จันทรมณี สุภาเพ็ญ ปาณะวัฒนพิสุทธิ์ และนภัสวรรณ บุญประเสริฐ
260    ^aนครสวรรค์:^bวิทยาลัยพยาบาลบรมราชชนนี สวรรค์ประชารักษ์ นครสวรรค์,^c2550
300    ^a73 หน้า
650  7 ^aการบริหารวิทยาลัยพยาบาล^xวิจัย
700    ^a สุภาเพ็ญ ปาณะวัฒนพิสุทธิ์
700    ^a นภัสวรรณ บุญประเสริฐ
710 2  ^aกระทรวงสาธารณสุข.^bสถาบันพระบรมราชนก.^bวิทยาลัยพยาบาลบรมราชชนนี สวรรค์ประชารักษ์ นครสวรรค์.
945    ^p0^l0^i023510
995    ^aเกษร
999    ^aวิภา
รายการนี้ยังไม่มีแท็ก
คุณยังไม่ได้ล็อกอิน คุณสามารถมีกิจกรรมร่วมกับเว็บไซต์ได้ แต่ต้องล็อกอินก่อน ::
  ล็อกอิน

รายการสื่อสารสนเทศ

ลำดับที่ ประเภท เลขเรียก/บาร์โค้ด สถานที่ สถานะ
1. งานวิจัย
งานวิจัย
วจ.HM132 จ533ค  
  Barcode: 023510
ห้องสมุดวิทยาเขตสวรรค์ประชารักษ์
►วิจัย
บนชั้น

BibComment


ยังไม่เคยถูกคอมเมนท์

คอมเมนท์ทรัพยากรรายการนี้
  คอมเมนท์: ความพึงพอใจของบุ..


 Copyright 2026. Bcnsprnw @Library